Statistiken für Deutsche Fußballclubs nach Mitgliederanzahl

Klicken Sie hier um das Quiz zu spielen!

Allgemein

  • Dieses Quiz wurde 395 mal gespielt
  • Das Durchschnittsergebnis liegt bei 21 aus 25

Antwortstatistiken

MitgliederFußballclub% Korrekt
293.000Bayern München
100%
157.200Borussia Dortmund
99%
164.000FC Schalke 04
96%
90.000Hamburger SV
96%
115.100Eintracht Frankfurt
92%
119.1001.FC Köln
91%
41.200Hertha BSC
91%
76.700VfB Stuttgart
90%
45.935Union Berlin
89%
40.100Werder Bremen
89%
94.270Borussia Mönchengladbach
88%
46.000SC Freiburg
86%
25.9001.FC Nürnberg
84%
27.800Bayer Leverkusen
83%
21.000Hannover 96
80%
21.000VfL Bochum
78%
24.650Dynamo Dresden
77%
22.000VfL Wolfsburg
76%
21.0001.FC Kaiserslautern
75%
21.000FC Augsburg
74%
27.200Fortuna Düsseldorf
73%
30.400FC St.Pauli
70%
21.400Hansa Rostock
63%
15.000Arminia Bielefeld
61%
24.0001860 München
59%

Verteilung der Resultate

Perzentil nach korrekt beantworteten Fragen

Anzahl Personen mit jedem Resultat

Ihre Resultats-Entwicklung

Sie haben dieses Quiz noch nicht gespielt